Random Conflict Trivia - Statistics

General Stats
  • This quiz has been taken 9 times
  • The average score is 7 of 15
Answer Stats
Question Answer % Correct
What did Russia seize from Ukraine in 2014? Crimea
88%
What's the name of the highly-contested region in the north of India that's a source of conflict between Pakistan, India, and China? Kashmir
75%
Which dictator killed more civilians during the Second World War Stalin
75%
Which African country did Italy invade in the 1930s? Ethiopia
63%
Which town was the battle that took place in 1066 in England that led to a major change in the English language and culture named after? Hastings
63%
What is the Muslim term for fighting against the enemies of Islam? Jihad
63%
What conflict during the Cold War saw Seoul occupied by Communist forces? Korean War
63%
What's the name of the breakaway region in southern Serbia? Kosovo
63%
Who was the Prime Minister of the United Kingdom during the Appeasement phase of the 1930s? Chamberlain
50%
What year did the Gulf War start? 1990
38%
What does the acronym ISIS mean? Islamic State in Iraq and Syria
25%
Which American general helped write Japan's constitution after World War Two? MacArthur
25%
Which country do the Karens give the most trouble militarily? Myanmar
25%
The nuclear bomb that struck Nagasaki was originally intended for which Japanese city? Kokura
13%
This war saw elephants crossing the Alps, Second Punic War
13%
No matching quizzes found
Score Distribution
Percent of People with Each Score
Percentile by Number Answered
Your Score History
You have not taken this quiz